NATIONAL SEMINAR ON LOCAL GOVERNMENT WITH INTERNATIONAL PARTICIPATION : Lahore, 22 - 27 November 1976

Bibliographic Details
Corporate Author: National Seminar On Local Government With International Participation Lahore
Format: Conference Proceeding Book
Subjects:

MARC

LEADER 00000cam a2200000 7i4500
001 0000053512
005 20240403142229.0
006 a# ###g ###
007 ta
008 231215s pk g eng
040 |a MBPJ   |b eng   |c MBPJ   |e rda 
090 0 0 |a MON 291 
110 2 |a Ministry Of Social Welfare, Local Government and Rural Development Government of Pakistan   |e issuing body 
111 2 |a National Seminar On Local Government With International Participation   |d [22 - 27 November 1976:   |c Lahore] 
245 1 0 |a NATIONAL SEMINAR ON LOCAL GOVERNMENT WITH INTERNATIONAL PARTICIPATION :   |b Lahore, 22 - 27 November 1976   |c Ministry Of Social Welfare, Local Government and Rural Development Government of Pakistan 
264 0 |a Pakistan :   |b Ministry Of Social Welfare Local Government and Rural Development Government of Pakistan   |c 1976 
300 |a 223 pages ;   |c 22 cm. 
336 |a text  |2 rdacontent 
337 |a unmediated  |2 rdamedia 
338 |a volume  |2 rdacarrier 
500 |a Bahan monograf - (14/12/2023) 
650 0 0 |a Local government   |x Congresses 
650 0 0 |a Local government   |x Congresses   |z Pakistan 
999 |a 126429   |b BAHAN MONOGRAF   |c KOLEKSI BAHAN ARKIB   |e PERPUSTAKAAN KOMUNITI PETALING JAYA